[Event "FRA-ch Second stage"]
[Site "Besancon"]
[Date "1999.08.24"]
[Round "1.1"]
[White "Apicella, Manuel"]
[Black "Lepelletier, Benoit"]
[Result "1-0"]
[WhiteElo "2501"]
[BlackElo "2468"]
[PlyCount "81"]
[EventDate "1999.08.23"]
[Source "ChessBase"]
[SourceDate "1999.12.01"]

1. e4 Nc6 2. Nf3 e5 3. Bb5 Nge7 4. O-O g6 5. c3 Bg7 6. d4 exd4 7. cxd4 d5 8. e5 O-O 9. h3 f6 10. exf6 Rxf6 11. Bg5 Rxf3 12. Bxe7 Nxe7 13. Qxf3 Nf5 14. Nc3 Nxd4 15. Qf4 c6 16. Bd3 Qf6 17. Qxf6 Bxf6 18. Rae1 Kf7 19. Kh2 Be6 20. f4 h5 21. Nd1 Bf5 22. Bxf5 Nxf5 23. g4 hxg4 24. hxg4 Nd6 25. Kg2 Ne4 26. Rh1 b5 27. b3 a5 28. Nf2 Nxf2 29. Kxf2 Bg7 30. f5 gxf5 31. gxf5 Rc8 32. Re6 b4 33. Rg6 Bd4+ 34. Kf3 c5 35. Rh7+ Kf8 36. Rd6 a4 37. Rxd5 axb3 38. axb3 Re8 39. Kg4 Kg8 40. Rb7 Kh8 41. Rd6 1-0

[Event "First Saturday GM - Settembre 2007"]
[Site "Budapest UNG"]
[Date "2007.09.05"]
[Round "5"]
[White "Pilgaard, Kim"]
[Black "Czebe, Attila"]
[Result "1-0"]
[WhiteElo "2448"]
[BlackElo "2519"]
[PlyCount "55"]
[EventDate "2007.09.01"]
[Source "www.chesslib.no"]
[SourceDate "2004.05.04"]

1. e4 e5 2. Nf3 Nc6 3. Bb5 Nge7 4. Nc3 a6 5. Bc4 Ng6 6. d4 Be7 7. O-O d6 8. h3 O-O 9. Nd5 Kh8 10. c3 f5 11. Nxe7 Qxe7 12. Bg5 Qe8 13. exf5 Bxf5 14. Re1 h6 15. Nh4 Nxh4 16. Bxh4 Qg6 17. Bg3 exd4 18. cxd4 Qf6 19. d5 Nb4 20. Rc1 Qxb2 21. Re7 Rac8 22. Bb3 c5 23. dxc6 Nxc6 24. Rxb7 a5 25. Rf7 Nd4 26. Rxc8 Rxc8 27. Kh2 Bg6 28. Qg4 1-0

[Event "ARG-ch"]
[Site "Pena City"]
[Date "1996.??.??"]
[Round "7"]
[White "Zarnicki, Pablo"]
[Black "Ginzburg, Maximiliano"]
[Result "0-1"]
[WhiteElo "2540"]
[BlackElo "2425"]
[PlyCount "56"]
[EventDate "1996.10.??"]
[Source "ChessBase"]

1. e4 e5 2. Nf3 Nc6 3. Bb5 Nge7 4. c3 d6 5. d4 Bd7 6. Be3 Ng6 7. h4 Be7 8. g3 Bf6 9. Nbd2 Nge7 10. d5 Nb8 11. Bxd7+ Nxd7 12. h5 h6 13. Nc4 a5 14. a4 Ng8 15. b4 axb4 16. cxb4 Be7 17. Qd3 Ngf6 18. Nh4 Nxh5 19. Nf5 g6 20. Rxh5 gxh5 21. Bxh6 Bf8 22. Be3 h4 23. gxh4 Rxh4 24. Kd2 Rh5 25. Na5 Rxf5 26. exf5 Qh4 27. Qb5 Bh6 28. Rc1 Qxf2+ 0-1

[Event "Intel Pentium4"]
[Site "Milan"]
[Date "2003.07.21"]
[Round "8"]
[White "Godena, Michele"]
[Black "Pilgaard, Kim"]
[Result "1/2-1/2"]
[WhiteElo "2517"]
[BlackElo "2446"]
[PlyCount "32"]
[EventDate "2003.07.14"]
[Source "Roberto Alvarez"]
[SourceDate "2003.07.28"]

1. e4 e5 2. Nf3 Nc6 3. Bb5 Nge7 4. Nc3 g6 5. d4 exd4 6. Nd5 Bg7 7. Bg5 h6 8. Bf6 Bxf6 9. Nxf6+ Kf8 10. O-O a6 11. Bc4 Nf5 12. Nd5 Nd6 13. Bd3 Ne8 14. Re1 d6 15. Be2 Nf6 16. Nxd4 Ne5 1/2-1/2

[Event "Muenster Open"]
[Site "Muenster GER"]
[Date "1991.??.??"]
[Round "7"]
[White "Kupreichik, Viktor D"]
[Black "Arkhipov, Sergey"]
[Result "0-1"]
[WhiteElo "2460"]
[BlackElo "2500"]
[PlyCount "94"]
[EventDate "1991.??.??"]
[Source "www.chesslib.no"]
[SourceDate "2004.05.04"]

1. e4 e5 2. Nf3 Nc6 3. Bb5 Nge7 4. O-O g6 5. c3 a6 6. Ba4 Bg7 7. d4 exd4 8. cxd4 O-O 9. d5 b5 10. Bc2 Na5 11. a4 b4 12. Nbd2 d6 13. Re1 c6 14. Nb3 Nxb3 15. Bxb3 Bg4 16. Bg5 c5 17. Rb1 h6 18. Bh4 g5 19. Bg3 f5 20. exf5 Nxf5 21. h3 Bh5 22. Qd3 Bg6 23. Re6 Rf6 24. Rxf6 Qxf6 25. Bc2 Nh4 26. Qc4 Nxf3+ 27. gxf3 Bxc2 28. Qxc2 Qxf3 29. Bxd6 Qxh3 30. Re1 Qg4+ 31. Bg3 Rf8 32. d6 h5 33. Qe2 Qxe2 34. Rxe2 Bf6 35. Rc2 h4 36. Bh2 g4 37. Bf4 b3 38. Rxc5 Bxb2 39. d7 Bf6 40. Be5 b2 41. Bxb2 Bxb2 42. Rg5+ Kf7 43. Rxg4 Bf6 44. Rc4 a5 45. Kg2 Ke6 46. Rc7 Bd8 47. Ra7 Rf4 0-1

[Event "8th WUCC"]
[Site "Instanbul"]
[Date "2004.09.05"]
[Round "1"]
[White "Kulaots, Kaido"]
[Black "Krstic, Uros"]
[Result "1-0"]
[WhiteElo "2593"]
[BlackElo "2366"]
[PlyCount "55"]
[EventDate "2004.09.05"]
[Source "Roberto Alvarez"]
[SourceDate "2004.09.21"]

1. e4 e5 2. Nf3 Nc6 3. Bb5 Nge7 4. c3 g6 5. d4 exd4 6. cxd4 a6 7. Ba4 b5 8. Bb3 Bg7 9. Nc3 O-O 10. O-O d6 11. Nd5 h6 12. Nxe7+ Nxe7 13. Be3 Kh7 14. Rc1 f5 15. Qc2 c6 16. Rfe1 f4 17. Bd2 Bg4 18. Bc3 a5 19. a3 Bxf3 20. gxf3 d5 21. Kh1 Qd7 22. Qd3 Rfe8 23. Bc2 Qh3 24. Rg1 dxe4 25. Qxe4 Rad8 26. Rce1 Qf5 27. Bxa5 Rd5 28. Qxe7 1-0

[Event "XVIII Open"]
[Site "Pula"]
[Date "2004.06.22"]
[Round "4"]
[White "Ljubicic, Filip"]
[Black "Stevic, Hrvoje"]
[Result "0-1"]
[WhiteElo "2416"]
[BlackElo "2541"]
[PlyCount "76"]
[EventDate "2004.06.19"]
[Source "Roberto Alvarez"]
[SourceDate "2004.06.28"]

1. e4 e5 2. Nf3 Nc6 3. Bb5 Nge7 4. O-O g6 5. c3 a6 6. Ba4 Bg7 7. d4 exd4 8. cxd4 b5 9. Bb3 d6 10. h3 O-O 11. Nc3 h6 12. Be3 Na5 13. Rc1 c6 14. Qd2 Kh7 15. d5 c5 16. e5 c4 17. exd6 Nf5 18. Bc2 Nxe3 19. fxe3 b4 20. Ne2 Qxd6 21. Nf4 Bd7 22. h4 Kg8 23. b3 Rae8 24. e4 Qc5+ 25. Qf2 Qxf2+ 26. Kxf2 Bb2 27. Rb1 Bc3 28. Rbd1 cxb3 29. axb3 Nb7 30. e5 Bxe5 31. Nxe5 Rxe5 32. Rd4 a5 33. Ra1 Rc8 34. Bd3 Rc3 35. Rc4 Nc5 36. Rxc3 bxc3 37. Rxa5 Rxd5 38. Bc2 Ne4+ 0-1